[Event "20th EUR-ch"]
[Site "Skopje MKD"]
[Date "2019.03.18"]
[Round "1"]
[White "Draskovic, Luka"]
[Black "Miftari, Hedon"]
[Result "1-0"]
[WhiteElo "2449"]
[BlackElo "1527"]
[EventDate "2019.03.18"]
[Board "178"]
[PlyCount "81"]

1.c4 c5 2.Nf3 Nf6 3.Nc3 Nc6 4.g3 g6 5.Bg2 Bg7 6.O-O O-O 7.d4 cxd4 8.Nxd4 
Nxd4 9.Qxd4 d6 10.Bg5 Qc7 11.Qd3 Be6 12.b3 a6 13.Rac1 Rac8 14.Rfd1 Rfd8 
15.h3 h6 16.Be3 Nd7 17.Qd2 Kh7 18.Nd5 Bxd5 19.Qxd5 f6 20.Qxb7 Qxb7 21.Bxb7
Rc7 22.Bxa6 Ra8 23.Bb5 Rxa2 24.Bxd7 Rxd7 25.c5 Rc7 26.cxd6 Rxc1 27.Rxc1 
exd6 28.Rb1 Ra5 29.Bf4 d5 30.b4 Rb5 31.Bd6 f5 32.Rc1 g5 33.Rc6 Bd4 34.e3 
Bg7 35.Kf1 Kg8 36.Ke2 Kf7 37.Kd3 Ke6 38.Be5+ Kd7 39.Rc7+ Kd8 40.Rxg7 Rxb4 
41.Bc3 1-0

[Event "20th EUR-ch"]
[Site "Skopje MKD"]
[Date "2019.03.18"]
[Round "1"]
[White "Krstev, Emil"]
[Black "Pavlov, Sergey"]
[Result "0-1"]
[WhiteElo "2050"]
[BlackElo "2471"]
[EventDate "2019.03.18"]
[Board "179"]
[PlyCount "94"]

1.d4 Nf6 2.c4 e6 3.Nc3 Bb4 4.Nf3 c5 5.g3 Ne4 6.Bd2 Bxc3 7.Bxc3 Nxc3 8.bxc3
Qa5 9.Qb3 cxd4 10.Qb4 Nc6 11.Qxa5 Nxa5 12.cxd4 Nxc4 13.Bg2 d5 14.Rb1 b6 
15.Nd2 Nd6 16.e4 Bb7 17.e5 Nf5 18.Nf3 Kd7 19.Bf1 Rhc8 20.Bb5+ Kd8 21.Kd2 
h6 22.h4 Ne7 23.h5 Nc6 24.Bxc6 Rxc6 25.g4 Rac8 26.Rb2 Rc3 27.Ne1 Ba6 28.
Rb3 R3c4 29.Ke3 Ra4 30.Nf3 Rc2 31.g5 Bc4 32.gxh6 gxh6 33.Rbb1 Ra3+ 34.Kf4 
Rxf2 35.Rh3 Be2 36.Rb3 Rxb3 37.axb3 Kd7 38.Ke3 Rxf3+ 39.Rxf3 Bxf3 40.Kxf3 
Kc6 41.Ke3 Kb5 42.Kd3 Kb4 43.Kc2 b5 44.Kb2 a5 45.Kc2 Ka3 46.Kc3 b4+ 47.Kc2
Ka2 0-1

[Event "20th EUR-ch"]
[Site "Skopje MKD"]
[Date "2019.03.18"]
[Round "1"]
[White "Krykun, Yuriy"]
[Black "Onischuk, Volodymyr"]
[Result "1/2-1/2"]
[WhiteElo "2342"]
[BlackElo "2626"]
[EventDate "2019.03.18"]
[Board "180"]
[PlyCount "99"]

1.Nf3 g6 2.g3 Bg7 3.d4 Nf6 4.Bg2 O-O 5.O-O d6 6.c4 Nbd7 7.Nc3 e5 8.e4 c6 
9.Be3 Re8 10.h3 b6 11.Qc2 Bb7 12.Rfd1 Qc7 13.Rac1 Rad8 14.d5 a6 15.Ne1 Rc8
16.Nd3 a5 17.Qd2 Ba6 18.dxc6 Qxc6 19.b3 Qa8 20.a4 Bf8 21.Bg5 Be7 22.Rc2 
Bb7 23.f3 Nh5 24.Bxe7 Rxe7 25.Kh2 Bc6 26.h4 Ng7 27.Nd5 Bxd5 28.cxd5 Nc5 
29.Rc3 f5 30.Nb2 Rf8 31.Nc4 Qd8 32.exf5 Nxf5 33.Re1 Ref7 34.f4 Nxh4 35.
gxh4 Rxf4 36.Rh3 Rxh4 37.Qe3 Rhf4 38.Nd2 Kg7 39.Ne4 h5 40.Rg1 Rg4 41.Bf3 
Rxg1 42.Kxg1 Rf4 43.Nxc5 bxc5 44.Be2 Qg5+ 45.Rg3 Qf5 46.Rf3 Re4 47.Qf2 Rf4
48.Rxf4 exf4 49.Bf3 Qe5 50.Kg2 1/2-1/2

[Event "20th EUR-ch"]
[Site "Skopje MKD"]
[Date "2019.03.19"]
[Round "2"]
[White "Christiansen, Johan-Sebastian"]
[Black "Ragger, Markus"]
[Result "1/2-1/2"]
[WhiteElo "2539"]
[BlackElo "2696"]
[EventDate "2019.03.18"]
[Board "3"]
[PlyCount "28"]

1.e4 e5 2.Nf3 Nc6 3.Bc4 Bc5 4.c3 Nf6 5.d4 exd4 6.cxd4 Bb4+ 7.Nbd2 Nxe4 8.
d5 Nxd2 9.Bxd2 Bxd2+ 10.Qxd2 Ne7 11.d6 cxd6 12.O-O d5 13.Bxd5 O-O 14.Rad1 
Nxd5 1/2-1/2

[Event "20th EUR-ch"]
[Site "Skopje MKD"]
[Date "2019.03.19"]
[Round "2"]
[White "Grandelius, Nils"]
[Black "Stupak, Kirill"]
[Result "1-0"]
[WhiteElo "2694"]
[BlackElo "2537"]
[EventDate "2019.03.18"]
[Board "4"]
[PlyCount "61"]

1.e4 e6 2.d4 d5 3.e5 c5 4.c3 Qb6 5.Nf3 Nc6 6.a3 f6 7.Bd3 fxe5 8.dxe5 c4 9.
Bc2 g6 10.O-O Bg7 11.Nbd2 Nge7 12.Re1 Qc7 13.Qe2 O-O 14.a4 Bd7 15.b3 cxb3 
16.Nxb3 Na5 17.Ba3 Rfe8 18.Bd6 Qd8 19.Nxa5 Qxa5 20.Rab1 Bc6 21.Nd4 Nc8 22.
Bb4 Qc7 23.h4 Qf7 24.Qg4 Nb6 25.Nf3 Bxa4 26.Bd3 Bh6 27.h5 Qf4 28.Qh3 Kg7 
29.Bc5 Qf7 30.hxg6 hxg6 31.Rb4 1-0

[Event "20th EUR-ch"]
[Site "Skopje MKD"]
[Date "2019.03.19"]
[Round "2"]
[White "Cheparinov, Ivan"]
[Black "Gazik, Viktor"]
[Result "1-0"]
[WhiteElo "2683"]
[BlackElo "2535"]
[EventDate "2019.03.18"]
[Board "5"]
[PlyCount "131"]

1.e4 c5 2.Nf3 d6 3.d4 cxd4 4.Nxd4 Nf6 5.Nc3 g6 6.Be3 Bg7 7.f3 Nc6 8.Qd2 
O-O 9.O-O-O Be6 10.g4 Nxd4 11.Bxd4 Qa5 12.Kb1 Rfc8 13.a3 Rab8 14.h4 b5 15.
Nd5 Qxd2 16.Rxd2 Bxd5 17.exd5 a5 18.h5 Nd7 19.g5 Bxd4 20.Rxd4 Rc5 21.Bh3 
Nf8 22.hxg6 hxg6 23.Re1 Rb7 24.f4 Nh7 25.Bf1 Nf8 26.Bh3 Nh7 27.Re3 Rbc7 
28.c3 Rc4 29.Ree4 Rxd4 30.Rxd4 f6 31.Bf1 Rc5 32.Kc2 fxg5 33.fxg5 Nxg5 34.
b4 axb4 35.axb4 Rc8 36.Rg4 Nf3 37.Rxg6+ Kf7 38.Rg4 e5 39.dxe6+ Kxe6 40.
Bxb5 d5 41.Ba6 Rb8 42.Rg3 Ne5 43.Kb3 Nd7 44.Ka4 Nf6 45.Ka5 Ne4 46.Rd3 Ke5 
47.Rh3 Kd6 48.Rh6+ Ke5 49.Rh5+ Kd6 50.Rh3 Ke5 51.b5 Nc5 52.Rh6 Ne4 53.Kb4 
Nd6 54.Rh5+ Ke6 55.Kc5 Ne4+ 56.Kd4 Nf6 57.Rh6 Ke7 58.Kc5 Ne4+ 59.Kc6 Nxc3 
60.b6 Ra8 61.Rh7+ Ke6 62.Ra7 Rd8 63.b7 Rd6+ 64.Kc7 Rd7+ 65.Kb6 Rd6+ 66.Ka5
1-0

[Event "20th EUR-ch"]
[Site "Skopje MKD"]
[Date "2019.03.19"]
[Round "2"]
[White "Rodshtein, Maxim"]
[Black "Kelires, Andreas"]
[Result "1-0"]
[WhiteElo "2673"]
[BlackElo "2529"]
[EventDate "2019.03.18"]
[Board "6"]
[PlyCount "117"]

1.d4 Nf6 2.c4 e6 3.Nf3 Bb4+ 4.Bd2 a5 5.g3 b6 6.Bg2 Bb7 7.O-O O-O 8.Bf4 Be7
9.Nc3 Ne4 10.Qc2 Nxc3 11.bxc3 Qc8 12.e4 d6 13.Rfe1 Nd7 14.Rab1 Re8 15.Nd2 
e5 16.Be3 Bc6 17.Bh3 Qd8 18.f3 Bf6 19.Nf1 Nf8 20.Bf2 Bd7 21.Bxd7 Qxd7 22.
Rbd1 Qc6 23.Qd3 g6 24.Ne3 Bg7 25.Nd5 Nd7 26.Re2 Rab8 27.Rb1 Rbd8 28.Be3 
Rc8 29.Bg5 h6 30.Be3 Kh7 31.f4 exf4 32.gxf4 Nf6 33.Nxf6+ Bxf6 34.e5 Bg7 
35.Rf1 Qd7 36.Qe4 Kg8 37.Rg2 dxe5 38.fxe5 Qe6 39.Rgf2 f5 40.Qh4 f4 41.Qxf4
Qxc4 42.Qf7+ Qxf7 43.Rxf7 b5 44.Rd7 Red8 45.Rff7 Rxd7 46.Rxd7 b4 47.Bd2 c5
48.dxc5 Rxc5 49.cxb4 axb4 50.e6 Bf6 51.Bxb4 Re5 52.e7 Kf7 53.Rd8 Bxe7 54.
Rd7 g5 55.Kf2 h5 56.Kf3 g4+ 57.Kf4 Rb5 58.Rxe7+ Kf6 59.Re4 1-0

[Event "20th EUR-ch"]
[Site "Skopje MKD"]
[Date "2019.03.19"]
[Round "2"]
[White "Lobanov, Sergei"]
[Black "Nisipeanu, Liviu-Dieter"]
[Result "1/2-1/2"]
[WhiteElo "2526"]
[BlackElo "2670"]
[EventDate "2019.03.18"]
[Board "7"]
[PlyCount "54"]

1.e4 e6 2.d4 d5 3.Nc3 Bb4 4.e5 c5 5.a3 Bxc3+ 6.bxc3 Ne7 7.Qg4 cxd4 8.Bd3 
Qa5 9.Ne2 Nd7 10.O-O dxc3 11.Qxg7 Rg8 12.Qh6 Nxe5 13.Bxh7 Ng4 14.Qh4 Rh8 
15.Bg5 Qc7 16.Qxg4 Rxh7 17.h4 e5 18.Qg3 Nf5 19.Qd3 Qc6 20.Nxc3 f6 21.Qxd5 
Rf7 22.Qxc6+ bxc6 23.Be3 Nxh4 24.f4 Rg7 25.Rf2 Bh3 26.fxe5 fxe5 27.Kh2 
Bxg2 1/2-1/2

[Event "20th EUR-ch"]
[Site "Skopje MKD"]
[Date "2019.03.19"]
[Round "2"]
[White "Thybo, Jesper Sondergaard"]
[Black "Berkes, Ferenc"]
[Result "0-1"]
[WhiteElo "2525"]
[BlackElo "2666"]
[EventDate "2019.03.18"]
[Board "8"]
[PlyCount "84"]

1.d4 Nf6 2.c4 c5 3.d5 g6 4.Nc3 Bg7 5.e4 d6 6.h3 O-O 7.Nf3 e6 8.Bd3 exd5 9.
exd5 Re8+ 10.Be3 Rxe3+ 11.fxe3 Qe7 12.O-O Nbd7 13.Qd2 Nh5 14.Ne2 Bh6 15.
Nf4 Ng3 16.Rfe1 Nf6 17.Kh2 Nge4 18.Qc2 Bd7 19.Ne6 Bxe6 20.dxe6 Qxe6 21.
Bxe4 Nxe4 22.Qb3 b6 23.Qa4 Bg7 24.Re2 h5 25.Rd1 g5 26.Qc6 Re8 27.Qd5 Qd7 
28.Kg1 g4 29.hxg4 Qxg4 30.Qc6 Re6 31.Qc8+ Kh7 32.Qd7 h4 33.Rd5 Kg6 34.Rf2 
Nf6 35.Qc8 Nxd5 36.cxd5 Re4 37.Qd8 Qg3 38.Nd2 Rxe3 39.Nf1 Re1 40.Qg8 Kh6 
41.Qxf7 Bd4 42.Qf8+ Kh7 0-1

[Event "20th EUR-ch"]
[Site "Skopje MKD"]
[Date "2019.03.19"]
[Round "2"]
[White "Melkumian, Hrant"]
[Black "Basso, Pier Luigi"]
[Result "1-0"]
[WhiteElo "2661"]
[BlackElo "2521"]
[EventDate "2019.03.18"]
[Board "9"]
[PlyCount "63"]

1.d4 d5 2.c4 c6 3.Nf3 Nf6 4.e3 Bg4 5.h3 Bh5 6.g4 Bg6 7.Ne5 e6 8.Nd2 Nbd7 
9.Nxg6 hxg6 10.Bg2 Bd6 11.O-O Ne4 12.Nxe4 dxe4 13.f3 exf3 14.Qxf3 O-O 15.
Bd2 Qe7 16.c5 Bc7 17.b4 Rac8 18.b5 e5 19.bxc6 bxc6 20.Be1 Bb8 21.Rb1 f5 
22.gxf5 Rxf5 23.Qg4 Rxf1+ 24.Bxf1 exd4 25.exd4 Rd8 26.Bc4+ Kh7 27.Bf2 Nf8 
28.Rb7 Nd7 29.Qh4+ Qxh4 30.Bxh4 Nxc5 31.dxc5 Rd4 32.Bf2 1-0

[Event "20th EUR-ch"]
[Site "Skopje MKD"]
[Date "2019.03.19"]
[Round "2"]
[White "Ruck, Robert"]
[Black "Edouard, Romain"]
[Result "1/2-1/2"]
[WhiteElo "2521"]
[BlackElo "2658"]
[EventDate "2019.03.18"]
[Board "10"]
[PlyCount "65"]

1.e4 c5 2.Nf3 d6 3.Bc4 Nf6 4.d3 Nc6 5.c3 g6 6.O-O Bg7 7.Re1 O-O 8.Bb3 b6 
9.Nbd2 Ba6 10.Nf1 Ne5 11.Bc2 Nxf3+ 12.Qxf3 d5 13.e5 Nd7 14.Qg3 e6 15.Bg5 
Qc7 16.Bf4 Qc6 17.Nd2 f6 18.Nf3 fxe5 19.Nxe5 Nxe5 20.Bxe5 Bxe5 21.Rxe5 Rf6
22.Rae1 Raf8 23.R1e2 Qb5 24.Bb1 Qa4 25.h3 Qd1+ 26.Re1 Qa4 27.f3 Bc8 28.Qf2
Bd7 29.a3 Qf4 30.Bc2 Rf5 31.Rxf5 exf5 32.d4 Re8 33.dxc5 1/2-1/2

[Event "20th EUR-ch"]
[Site "Skopje MKD"]
[Date "2019.03.19"]
[Round "2"]
[White "Kovalenko, Igor"]
[Black "Demidov, Mikhail"]
[Result "1/2-1/2"]
[WhiteElo "2658"]
[BlackElo "2520"]
[EventDate "2019.03.18"]
[Board "11"]
[PlyCount "126"]

1.c4 g6 2.d4 Bg7 3.e4 d6 4.Nc3 c5 5.d5 Nf6 6.Nf3 O-O 7.Bd3 Bg4 8.h3 Bxf3 
9.Qxf3 Na6 10.O-O Nc7 11.Bd2 a6 12.a4 b6 13.Qg3 Nh5 14.Qg4 e6 15.dxe6 Nxe6
16.Rab1 Nd4 17.b4 Nc6 18.bxc5 bxc5 19.Nd5 Nf6 20.Qh4 Nd7 21.Qg3 Nde5 22.
Bg5 f6 23.Bd2 a5 24.f4 Nxd3 25.Qxd3 Nb4 26.Bxb4 axb4 27.f5 g5 28.Ra1 Rf7 
29.Ra2 Ra5 30.Ne3 Qe8 31.Qd5 h5 32.g4 h4 33.Nd1 Rxa4 34.Rff2 Bf8 35.Kg2 
Kg7 36.Rfd2 Rfa7 37.Rxa4 Qxa4 38.Ne3 Qa1 39.Re2 Qc1 40.Qd2 Qb1 41.Qc2 Qxc2
42.Rxc2 Ra3 43.Nd5 Kf7 44.Rf2 Be7 45.Rb2 Bd8 46.Rb1 Ba5 47.Kh2 Kg7 48.Rb2 
Ra1 49.Kg2 Kf7 50.Kf2 Ra3 51.Ne3 b3 52.Nd1 Ra2 53.Ke3 Rxb2 54.Nxb2 Bc3 55.
Na4 Be5 56.Kd3 Ke7 57.Nc3 Kd7 58.Nb1 Kc6 59.Nd2 b2 60.Kc2 Kb6 61.Nb3 Ka6 
62.Kb1 Kb6 63.Kc2 Ka6 1/2-1/2

[Event "20th EUR-ch"]
[Site "Skopje MKD"]
[Date "2019.03.19"]
[Round "2"]
[White "Gelfand, Boris"]
[Black "Valsecchi, Alessio"]
[Result "1-0"]
[WhiteElo "2655"]
[BlackElo "2515"]
[EventDate "2019.03.18"]
[Board "13"]
[PlyCount "59"]

1.c4 Nf6 2.Nc3 e6 3.e4 d5 4.e5 d4 5.exf6 dxc3 6.bxc3 Qxf6 7.d4 c5 8.Nf3 h6
9.Bd3 cxd4 10.cxd4 Bb4+ 11.Kf1 Nd7 12.Rb1 Be7 13.c5 e5 14.Bb2 Qe6 15.Nxe5 
Nxe5 16.d5 Qf6 17.Qe2 Bf5 18.Bb5+ Kf8 19.Bxe5 Qg6 20.Re1 a6 21.Bg3 axb5 
22.Qxe7+ Kg8 23.h4 Rxa2 24.h5 Qg5 25.d6 Qd2 26.Kg1 Kh7 27.Kh2 Rc8 28.Qxf7 
Rxc5 29.Re8 Qd5 30.Qf8 1-0

[Event "20th EUR-ch"]
[Site "Skopje MKD"]
[Date "2019.03.19"]
[Round "2"]
[White "Zoler, Dan"]
[Black "Fressinet, Laurent"]
[Result "0-1"]
[WhiteElo "2513"]
[BlackElo "2652"]
[EventDate "2019.03.18"]
[Board "14"]
[PlyCount "144"]

1.d4 Nf6 2.c4 g6 3.Nc3 Bg7 4.g3 O-O 5.Bg2 d6 6.Nf3 c5 7.d5 e6 8.O-O exd5 
9.cxd5 Bf5 10.Nd2 Na6 11.h3 Nc7 12.e4 Bd7 13.Nc4 Nb5 14.Ne2 Ne8 15.Be3 
Nbc7 16.Qd2 Bb5 17.Rac1 Rb8 18.b4 b6 19.f4 Na6 20.bxc5 bxc5 21.Rfd1 f5 22.
Na5 Nb4 23.Nc6 Nxc6 24.dxc6 Bxc6 25.Bxc5 Bxe4 26.Bxe4 fxe4 27.Bxa7 Rb2 28.
Rc2 Rxc2 29.Qxc2 Qd7 30.Bd4 Qxh3 31.Qxe4 Bxd4+ 32.Rxd4 Nf6 33.Qg2 Qe6 34.
Qf3 Qxa2 35.Qd3 Re8 36.Kf1 d5 37.Rb4 Ne4 38.Rb5 Qa1+ 39.Kg2 Qe1 40.Qf3 Qd2
41.Kh3 Nf6 42.Ng1 Qc1 43.Rb6 Ne4 44.Qg2 Qc5 45.Rb1 d4 46.Qa2+ Kf8 47.Nf3 
Nc3 48.Qc2 Qc8+ 49.Kh4 Nxb1 50.Qxb1 Qd8+ 51.Kh3 Qd7+ 52.Kh4 d3 53.g4 Rd8 
54.Nd2 Qe7+ 55.g5 Qe6 56.Qb4+ Kf7 57.Kg3 Qe1+ 58.Kg4 Re8 59.Qc3 Qe2+ 60.
Nf3 Kg8 61.Kg3 d2 62.Qxd2 Qxd2 63.Nxd2 Kf7 64.Nf3 Ke6 65.Kg4 Rd8 66.Nh4 
Rd1 67.Nf3 Ra1 68.Nh4 Ra4 69.Kf3 Kd5 70.Kg4 Ke4 71.Ng2 Ra2 72.Nh4 Rf2 0-1

[Event "20th EUR-ch"]
[Site "Skopje MKD"]
[Date "2019.03.19"]
[Round "2"]
[White "Dragnev, Valentin"]
[Black "Alexeenko, Kirill"]
[Result "0-1"]
[WhiteElo "2511"]
[BlackElo "2644"]
[EventDate "2019.03.18"]
[Board "15"]
[PlyCount "86"]

1.d4 Nf6 2.c4 e6 3.Nf3 d5 4.g3 Bb4+ 5.Bd2 Be7 6.Bg2 O-O 7.O-O Nbd7 8.Qb3 
Nb6 9.c5 Nc4 10.Na3 Nxd2 11.Nxd2 c6 12.Qc3 b6 13.b4 a5 14.Nc2 Nd7 15.a3 
Ba6 16.Rfe1 bxc5 17.bxc5 e5 18.e3 e4 19.Rab1 Qc7 20.Bf1 Bc8 21.Rb2 h5 22.
Nb3 h4 23.Nc1 Nf6 24.Ne2 Nh7 25.Reb1 Bd8 26.Ne1 Ng5 27.Qc2 Qe7 28.Nc3 Bh3 
29.Bxh3 Nxh3+ 30.Kg2 Ng5 31.Qe2 Qe6 32.Rb7 a4 33.Na2 Qh3+ 34.Kg1 Ba5 35.
Nb4 Rfb8 36.Nbc2 Rxb7 37.Rxb7 g6 38.Nb4 Kg7 39.Nbc2 Rh8 40.Nb4 Qf5 41.Qf1 
Qg4 42.Ra7 Bxb4 43.axb4 Qd1 0-1

[Event "20th EUR-ch"]
[Site "Skopje MKD"]
[Date "2019.03.19"]
[Round "2"]
[White "Mirzoev, Emil"]
[Black "Anton Guijarro, David"]
[Result "1/2-1/2"]
[WhiteElo "2511"]
[BlackElo "2643"]
[EventDate "2019.03.18"]
[Board "16"]
[PlyCount "93"]

1.d4 Nf6 2.Bg5 d5 3.e3 c5 4.Bxf6 gxf6 5.Nc3 e6 6.Qh5 cxd4 7.exd4 Bb4 8.Bd3
Nc6 9.Ne2 Bd7 10.O-O f5 11.a3 Be7 12.b4 Bf6 13.Rae1 Kf8 14.Nb5 Be8 15.Qh6+
Bg7 16.Qf4 Ne7 17.Nd6 Qb6 18.Nxe8 Rxe8 19.c4 dxc4 20.Bxc4 Rd8 21.Rd1 Qd6 
22.Qf3 Qc6 23.Qxc6 bxc6 24.Rd3 Bf6 25.Rc1 Rd6 26.Bb3 Kg7 27.Rg3+ Ng6 28.
Ba4 Bxd4 29.Nxd4 Rxd4 30.Bxc6 Rhd8 31.Kf1 Kf6 32.Rgc3 Nf4 33.Bf3 Rd2 34.g3
Nd3 35.R1c2 Nxf2 36.Rxd2 Rxd2 37.Rc7 Ne4 38.Bxe4 fxe4 39.Rxa7 Rxh2 40.a4 
Rb2 41.Rb7 Ra2 42.a5 Ra4 43.Rb5 e5 44.g4 Kg5 45.Rxe5+ Kf4 46.Rf5+ Kxg4 47.
Rxf7 1/2-1/2

[Event "20th EUR-ch"]
[Site "Skopje MKD"]
[Date "2019.03.19"]
[Round "2"]
[White "Demuth, Adrien"]
[Black "Alexeev, Evgeny"]
[Result "1/2-1/2"]
[WhiteElo "2510"]
[BlackElo "2640"]
[EventDate "2019.03.18"]
[Board "17"]
[PlyCount "42"]

1.d4 Nf6 2.c4 e6 3.Nf3 b6 4.a3 Ba6 5.Qc2 Bb7 6.Nc3 c5 7.dxc5 bxc5 8.Bg5 
Be7 9.e3 d6 10.h3 Nbd7 11.Be2 a6 12.O-O Qc7 13.Rfd1 O-O 14.Bf4 Rfd8 15.Rd2
Nf8 16.Rad1 Rd7 17.Ne1 Ng6 18.Bg3 Rad8 19.Bf3 Bxf3 20.Nxf3 Qc6 21.e4 h6 
1/2-1/2

[Event "20th EUR-ch"]
[Site "Skopje MKD"]
[Date "2019.03.19"]
[Round "2"]
[White "Keymer, Vincent"]
[Black "Lysyi, Igor"]
[Result "1/2-1/2"]
[WhiteElo "2509"]
[BlackElo "2635"]
[EventDate "2019.03.18"]
[Board "18"]
[PlyCount "57"]

1.d4 Nf6 2.c4 e6 3.Nf3 d5 4.Nc3 dxc4 5.e4 Bb4 6.Bxc4 Nxe4 7.O-O Nxc3 8.
bxc3 Be7 9.Ne5 O-O 10.Qg4 Nc6 11.Re1 f5 12.Qf3 Nxe5 13.Rxe5 Kh8 14.Re1 Bd6
15.Bf4 Qe7 16.Rab1 a6 17.Be5 c6 18.Qf4 Bxe5 19.Qxe5 b5 20.Bxe6 Bxe6 21.
Qxe6 Qa3 22.Qxc6 Rac8 23.Qe6 h6 24.Rec1 Rc4 25.Rc2 f4 26.Rb3 Qa5 27.Qe7 
Rfc8 28.Qd6 Rd8 29.Qe7 1/2-1/2

[Event "20th EUR-ch"]
[Site "Skopje MKD"]
[Date "2019.03.19"]
[Round "2"]
[White "Volokytin, Andriy"]
[Black "Baron, Tal"]
[Result "0-1"]
[WhiteElo "2635"]
[BlackElo "2506"]
[EventDate "2019.03.18"]
[Board "19"]
[PlyCount "88"]

1.e4 e5 2.Nf3 Nc6 3.Bb5 a6 4.Ba4 d6 5.O-O Bd7 6.d4 b5 7.Bb3 Nxd4 8.Nxd4 
exd4 9.c3 dxc3 10.Qh5 g6 11.Qd5 Be6 12.Qc6+ Bd7 13.Qxc3 Nf6 14.e5 dxe5 15.
Qxe5+ Qe7 16.Qxc7 Bg7 17.Bg5 Rc8 18.Qb7 Be6 19.Qxa6 O-O 20.Qxb5 h6 21.Bh4 
g5 22.Bg3 Ne4 23.Nc3 Bxb3 24.axb3 Nxg3 25.fxg3 Rb8 26.Qc4 Rfc8 27.Nd5 Qe5 
28.Qd3 Re8 29.Qf3 Kh8 30.Nf6 Qd4+ 31.Kh1 Bxf6 32.Qxf6+ Qxf6 33.Rxf6 Kg7 
34.Rf3 Re2 35.h3 Rb7 36.Ra2 g4 37.hxg4 Re1+ 38.Kh2 Rd7 39.g5 h5 40.g4 h4 
41.Rf2 Rdd1 42.g3 Rh1+ 43.Kg2 h3+ 44.Kf3 Rhf1 0-1

[Event "20th EUR-ch"]
[Site "Skopje MKD"]
[Date "2019.03.19"]
[Round "2"]
[White "Arizmendi Martinez, Julen Luis"]
[Black "Lagarde, Maxime"]
[Result "1-0"]
[WhiteElo "2506"]
[BlackElo "2631"]
[EventDate "2019.03.18"]
[Board "20"]
[PlyCount "99"]

1.e4 c5 2.Nf3 Nc6 3.Bb5 g6 4.O-O Bg7 5.c3 Nf6 6.Re1 a6 7.Bxc6 dxc6 8.d4 
cxd4 9.cxd4 Bg4 10.Nbd2 O-O 11.h3 Be6 12.Nb3 a5 13.Bf4 b6 14.Rc1 Rc8 15.a3
Qd7 16.Nbd2 Rfd8 17.Qe2 Qb7 18.Qe3 Qa6 19.Bh6 Bh8 20.Ng5 Bd7 21.Nxf7 Kxf7 
22.e5 Nd5 23.e6+ Kg8 24.Qf3 Bxe6 25.Rxe6 Qb7 26.Qe4 Bf6 27.Nf3 Qd7 28.g4 
Nc7 29.Rexc6 Ne8 30.Rxc8 Rxc8 31.Rxc8 Qxc8 32.g5 Nd6 33.Qd5+ Nf7 34.gxf6 
e6 35.Qb5 Nxh6 36.Qxb6 Nf7 37.Qxa5 h5 38.d5 e5 39.Qa7 e4 40.Nh2 Qc1+ 41.
Nf1 Qg5+ 42.Ng3 Qxf6 43.Qb8+ Kg7 44.Nxe4 Qf5 45.Qb4 Ne5 46.Qe7+ Kh6 47.Nd6
Qb1+ 48.Kg2 Nd3 49.Nf7+ Kg7 50.Ne5+ 1-0

[Event "20th EUR-ch"]
[Site "Skopje MKD"]
[Date "2019.03.19"]
[Round "2"]
[White "Piorun, Kacper"]
[Black "Neverov, Valeriy"]
[Result "1-0"]
[WhiteElo "2631"]
[BlackElo "2496"]
[EventDate "2019.03.18"]
[Board "21"]
[PlyCount "43"]

1.e4 e5 2.Nf3 Nc6 3.Bb5 Bc5 4.c3 Nf6 5.d4 Bb6 6.Nxe5 Nxe5 7.dxe5 Nxe4 8.
Qg4 Bxf2+ 9.Ke2 Qh4 10.Qxg7 Rf8 11.Bh6 Bc5 12.Nd2 a6 13.g3 Qh3 14.Nxe4 
Qg2+ 15.Kd3 Qf3+ 16.Kd2 Qxe4 17.Rhe1 Qd5+ 18.Bd3 b5 19.Qxh7 Rb8 20.Bxf8 
Bxf8 21.Rf1 Rb6 22.e6 1-0

[Event "20th EUR-ch"]
[Site "Skopje MKD"]
[Date "2019.03.19"]
[Round "2"]
[White "Rakhmanov, Alexander"]
[Black "Matvyishen, Viktor"]
[Result "1-0"]
[WhiteElo "2629"]
[BlackElo "2490"]
[EventDate "2019.03.18"]
[Board "22"]
[PlyCount "77"]

1.d4 Nf6 2.Nf3 d5 3.g3 e6 4.Bg2 Be7 5.c4 O-O 6.Qc2 c6 7.Nbd2 b6 8.O-O Ba6 
9.Ne5 Nfd7 10.Nd3 Bf6 11.e3 Qe7 12.b3 Rc8 13.Bb2 e5 14.e4 exd4 15.exd5 Bb7
16.Rfe1 Qf8 17.d6 Qxd6 18.Ne4 Qf8 19.Nxf6+ Nxf6 20.Bxd4 Nbd7 21.c5 Ba6 22.
Nb4 Bb7 23.Rac1 Rc7 24.Qf5 bxc5 25.Bxc5 Nxc5 26.Qxc5 Qxc5 27.Rxc5 Nd7 28.
Ra5 Kf8 29.Rc1 Nb8 30.Rc4 Re7 31.Kf1 Re6 32.h4 a6 33.Rd4 Ke7 34.Bh3 c5 35.
Rxc5 Nc6 36.Nxc6+ Rxc6 37.Rd7+ Kf8 38.Rf5 Rc1+ 39.Ke2 1-0

[Event "20th EUR-ch"]
[Site "Skopje MKD"]
[Date "2019.03.19"]
[Round "2"]
[White "Goryachkina, Aleksandra"]
[Black "Kobalia, Mikhail"]
[Result "0-1"]
[WhiteElo "2504"]
[BlackElo "2627"]
[EventDate "2019.03.18"]
[Board "23"]
[PlyCount "88"]

1.d4 d5 2.c4 c6 3.Nf3 Nf6 4.Nc3 e6 5.e3 a6 6.b3 Bb4 7.Bd2 Nbd7 8.Bd3 O-O 
9.O-O Qe7 10.Bc2 b6 11.Re1 dxc4 12.bxc4 Bb7 13.e4 e5 14.Ne2 Bxd2 15.Qxd2 
Rfe8 16.Ng3 g6 17.Qg5 Kh8 18.Nxe5 Nxe5 19.dxe5 Qxe5 20.Qxe5 Rxe5 21.f4 Rc5
22.e5 Nd5 23.Bb3 Nxf4 24.Ne4 Rxe5 25.Nd6 Rxe1+ 26.Rxe1 Rb8 27.c5 Nd3 28.
Re7 Nxc5 29.g4 Nxb3 30.axb3 Ba8 31.g5 Kg8 32.Rxf7 Rd8 33.Rf6 Rf8 34.Re6 c5
35.Ne8 Kf7 36.Nc7 Rc8 37.Rf6+ Ke7 38.Nxa8 Rxa8 39.Rxb6 c4 40.b4 Rc8 41.
Rxa6 c3 42.Ra1 Kd6 43.Kf2 Kd5 44.b5 c2 0-1

[Event "20th EUR-ch"]
[Site "Skopje MKD"]
[Date "2019.03.19"]
[Round "2"]
[White "Enchev, Ivajlo"]
[Black "Paravian, David"]
[Result "0-1"]
[WhiteElo "2490"]
[BlackElo "2627"]
[EventDate "2019.03.18"]
[Board "24"]
[PlyCount "116"]

1.Nf3 c5 2.c4 Nf6 3.Nc3 d5 4.cxd5 Nxd5 5.e3 e6 6.Bc4 Be7 7.O-O O-O 8.d4 
cxd4 9.exd4 Nc6 10.Qe2 Bf6 11.Rd1 b6 12.Ne4 Be7 13.a3 Bb7 14.Bd2 Rc8 15.
Rac1 h6 16.Ng3 Nf6 17.Bc3 Na5 18.Bxa5 bxa5 19.Ne5 Qb6 20.Nh5 Rfd8 21.Nf4 
Rd6 22.Rc3 Rxd4 23.Rxd4 Qxd4 24.Nxe6 Qe4 25.Nf4 Qxf4 26.Bxf7+ Kh7 27.Qc2+ 
g6 28.Rxc8 Bxc8 29.Bxg6+ Kg7 30.Nc6 Bd6 31.g3 Qg4 32.Bd3 Bb7 33.Nxa5 Bd5 
34.Be2 Qe6 35.Nc4 Bc5 36.b4 Bd4 37.Qd3 Qe4 38.Qxe4 Nxe4 39.Ne3 Be6 40.Bd3 
Nd6 41.Nc2 Bb2 42.a4 Bc3 43.a5 Kf6 44.Kf1 Nc4 45.f4 Nb2 46.Be4 Bf5 47.Bxf5
Kxf5 48.Ke2 Ke4 49.a6 Nc4 50.b5 Ba5 51.Ne1 Nd6 52.Nd3 Bb6 53.Ne5 Nxb5 54.
Ng4 Nd4+ 55.Kd2 Nf5 56.Nf6+ Kf3 57.g4 Bd4 58.g5 Kxf4 0-1

[Event "20th EUR-ch"]
[Site "Skopje MKD"]
[Date "2019.03.19"]
[Round "2"]
[White "Sargsian, Shant"]
[Black "Jobava, Baadur"]
[Result "1/2-1/2"]
[WhiteElo "2488"]
[BlackElo "2622"]
[EventDate "2019.03.18"]
[Board "25"]
[PlyCount "125"]

1.e4 c6 2.d4 d5 3.Nd2 dxe4 4.Nxe4 Bf5 5.Ng3 Bg6 6.h4 h6 7.Nf3 e6 8.Ne5 Bh7
9.Bd3 Nd7 10.Bxh7 Rxh7 11.Bf4 Ngf6 12.Qd3 Qa5+ 13.c3 Rd8 14.Nc4 Qd5 15.
O-O-O Nb6 16.Nxb6 axb6 17.Be5 Rh8 18.Bxf6 gxf6 19.c4 Qa5 20.Kb1 b5 21.cxb5
Qxb5 22.Qxb5 cxb5 23.d5 Rg8 24.Rhe1 Bb4 25.Re2 Rg4 26.a3 Be7 27.Rdd2 Rd7 
28.h5 b4 29.Kc2 bxa3 30.bxa3 Rc4+ 31.Kb3 Rc5 32.dxe6 fxe6 33.Rxd7 Kxd7 34.
Rd2+ Ke8 35.a4 b6 36.Rc2 f5 37.Ne2 Re5 38.Nf4 Bd6 39.Re2 Rxe2 40.Nxe2 Bc5 
41.f3 Ke7 42.Kc4 Be3 43.Kd3 Bf2 44.g4 Kf6 45.Nf4 Bh4 46.Ng6 Bg3 47.gxf5 
Kxf5 48.Ne7+ Kg5 49.Nc6 Kxh5 50.a5 bxa5 51.Nxa5 Kh4 52.Ke2 Kh3 53.Kf1 Bc7 
54.Nc6 Bb6 55.Ne5 h5 56.Nd7 Ba7 57.Nf8 e5 58.Ng6 Kg3 59.Nxe5 h4 60.Nc4 h3 
61.Nd2 Be3 62.Ne4+ Kxf3 63.Ng5+ 1/2-1/2

[Event "20th EUR-ch"]
[Site "Skopje MKD"]
[Date "2019.03.19"]
[Round "2"]
[White "Plenca, Jadranko"]
[Black "Van Foreest, Jorden"]
[Result "1/2-1/2"]
[WhiteElo "2487"]
[BlackElo "2621"]
[EventDate "2019.03.18"]
[Board "26"]
[PlyCount "65"]

1.e4 c5 2.Nc3 d6 3.Nge2 Nf6 4.h3 Nc6 5.g4 g6 6.Bg2 Bg7 7.d3 O-O 8.Be3 Rb8 
9.Qd2 b5 10.Bh6 Bxh6 11.Qxh6 c4 12.d4 e5 13.dxe5 dxe5 14.Rd1 Nd4 15.Nxd4 
exd4 16.O-O b4 17.Ne2 d3 18.cxd3 cxd3 19.Nc1 Qa5 20.Qf4 Rb6 21.Rfe1 Ba6 
22.e5 Nd5 23.Qd4 Nc7 24.Nxd3 Ne6 25.Qe3 Qxa2 26.Nxb4 Rxb4 27.Ra1 Qxb2 28.
Rxa6 Nd4 29.Rd1 Ne2+ 30.Kh2 Rb3 31.Rd2 Rxe3 32.Rxb2 Rxe5 33.Rxa7 1/2-1/2

[Event "20th EUR-ch"]
[Site "Skopje MKD"]
[Date "2019.03.19"]
[Round "2"]
[White "Indjic, Aleksandar"]
[Black "Fakhrutdinov, Timur"]
[Result "1-0"]
[WhiteElo "2620"]
[BlackElo "2485"]
[EventDate "2019.03.18"]
[Board "27"]
[PlyCount "103"]

1.d4 Nf6 2.c4 e6 3.Nf3 d5 4.Nc3 dxc4 5.e4 Bb4 6.Bxc4 Nxe4 7.O-O Nxc3 8.
bxc3 Bd6 9.Ng5 h6 10.Ne4 O-O 11.Re1 Nd7 12.Qf3 Be7 13.Qg4 Nf6 14.Nxf6+ 
Bxf6 15.Bd3 Bg5 16.Re5 f5 17.Qe2 Be7 18.Bf4 Bd6 19.Rd1 Bxe5 20.Bxe5 Bd7 
21.Bc4 c6 22.Rd3 Kh7 23.Rg3 Rf6 24.h4 Rg6 25.Rh3 Rg4 26.h5 Qg5 27.Qf1 Rg8 
28.g3 Re4 29.f4 Qe7 30.Bd3 Re3 31.Kf2 Rxe5 32.fxe5 Qa3 33.g4 Qb2+ 34.Qe2 
Qxe2+ 35.Kxe2 g6 36.Rf3 Rf8 37.hxg6+ Kxg6 38.Ke3 Kg7 39.gxf5 exf5 40.Bc4 
f4+ 41.Rxf4 Rxf4 42.Kxf4 Kf8 43.a4 a5 44.Bb3 Ke7 45.c4 Bh3 46.d5 c5 47.Bd1
Bf1 48.d6+ Kd7 49.Bg4+ Kc6 50.d7 Kc7 51.e6 Kd8 52.Ke5 1-0